00828nam a22002177a 45000050016000000100013000160200024000290200025000530350013000780370023000910820012001141000032001262450078001582600040002362700071002763000025003477100010003729420031003829990017004139520180004302011071901121.0 aB-430673 a8177696270c5000.00 a97881776271c5000.00 aB-430673 bAllied Publishers  a016.420 aVerma, Vimlesh Kanti930227 aStudies on Hindi :cby Vimlesh Kanti Verma.ba comprehensive bibliography aVaranasibPilgrims Publishingc2007 aB27/98, A-8, Nawabganj Road, Durga Kund,bVaranasie91-542-2314060 a462p.c21 cm ( pbk.) 929663 adplcEN2ddcmVERh016.420 c54065d54065 001040718REFaLbLd2011-07-27eAllied Publishers/CR/0002946/28.3.11/282/14.3.11/31.3.11g5000.00l0o016.420 VERpB-430673r2011-07-27 00:00:00t1v5000.00w2011-07-27yEN